000 00393 a2200121 4500
001 ART_2922
005 20260410161711.0
008 260409a
245 1 0 _aLos ordenamientos institucionales y la integración económica del Caribe
100 1 _aGirvan, Norman
700 1 _aJefferson, Owen
773 0 _tDesarrollo económico
_g- Vol. 7, Nº 27 (oct./dic. 1967)
_wREV1174
999 _c16069
_d16069